书目信息 |
| 题名: |
我做人民代表
|
|
| 作者: | 沈梦培竹 | |
| 分册: | ||
| 出版信息: | 电子工业 2007.08 |
|
| 页数: | 427页 | |
| 开本: | 26cm | |
| 丛书名: | ||
| 单 册: | ||
| 中图分类: | D624.1 | |
| 科图分类: | ||
| 主题词: | 政治--中国 | |
| 电子资源: | ||
| ISBN: | 978-7-121-04079-5 | |
| 000 | 00540nam0 2200205 45 | |
| 001 | 0937495800 | |
| 005 | 20091103102608.09 | |
| 010 | @a978-7-121-04079-5@dCNY40.00 | |
| 100 | @a20090515d2007 ekmy0 y0120 ea | |
| 102 | @aCN@b130000 | |
| 105 | @ay z 000yy | |
| 200 | 1 | @a我做人民代表@f沈梦培竹@Fshen meng pei zhu |
| 210 | @c电子工业@d2007.08 | |
| 215 | @a427页@d26cm | |
| 606 | 0 | @a政治@x中国 |
| 690 | @aD624.1@v4 | |
| 701 | 0 | @a沈梦培竹@Ashen meng pei zhu |
| 801 | 0 | @aCN@c20091103 |
| 905 | @a10447@dD624.1@eS400 | |
| 906 | @d40@n3@r1 | |
| 我做人民代表/沈梦培竹.-电子工业,2007.08 |
| 427页;26cm |
| ISBN 978-7-121-04079-5:CNY40.00 |
| ● |
| 相关链接 |
|
|
|
正题名:我做人民代表
索取号:D624.1/S400
 
预约/预借
| 序号 | 登录号 | 条形码 | 馆藏地/架位号 | 状态 | 备注 |
| 1 | 658437 | 206584374 | 社科库509/509社科库 72排9列4层/ [索取号:D624.1/S400] | 在馆 | |
| 2 | 658438 | 206584383 | 社科库509/509社科库 72排9列4层/ [索取号:D624.1/S400] | 在馆 | |
| 3 | 658439 | 206584392 | 社科库509/509社科库 72排9列4层/ [索取号:D624.1/S400] | 在馆 |